header

Structural data and invariants of nine dimensional real Lie algebras with nontrivial Levi decomposition (Record no. 161335)

MARC details
000 -LEADER
fixed length control field 01339nam a2200337 a 4500
082 04 - DEWEY DECIMAL CLASSIFICATION NUMBER
Classification number 512/.482
100 1# - MAIN ENTRY--AUTHOR NAME
Personal name Campoamor-Stursberg, R.
245 10 - TITLE STATEMENT
Title Structural data and invariants of nine dimensional real Lie algebras with nontrivial Levi decomposition
260 ## - PUBLICATION, DISTRIBUTION, ETC. (IMPRINT)
Place of publication New York :
Name of publisher Nova Science Publishers,
Year of publication c2009.
300 ## - PHYSICAL DESCRIPTION
Number of Pages viii, 108 p.
650 #0 - SUBJECT ADDED ENTRY--TOPICAL TERM
Topical Term Lie algebras.
Topical Term Decomposition method.
Topical Term Invariants.
856 40 - ELECTRONIC LOCATION AND ACCESS
Uniform Resource Identifier http://site.ebrary.com/lib/rucke/Doc?id=10670928

No items available.

© 2026 Rongo University
Contact us: librarian | system librarian | Rongo university